01205pab a2200157 454500008003600000100001900036245002200055520072100077650001900798650002000817650003000837773004800867909000900915999001500924952010800939180718b xxu||||| |||| 00| 0 eng d aGleeson, Gerry aDecade for debate aThe article is part of the 1990 Garran Oration, presented at the national Conference of the Royal Australian Institute of Public Administration, Hobart, November 1990. The oration is dedicated to the memory of Sir Robert Garran, who was a great debater and continually advocated the need to protect the smaller colonies and participated in the drafting of the federal constitution of Australia in 1901. The author discusses the decade's significant movement to worldwide freer trade as countries move to market economies, further impact of technology on telecommunication systems, the spread of free enterprises, the rapid economic expansion of pacific Rion Countries and a new attentiveness to the environment and t a Public Policy a Garran Oration aPublic Policy - Australia aAustralian Journal of Public Administration a1680 c1680d1680 00104070aIIPAbIIPAd2018-07-19hIssue no: 50(1), Mar.91, p.1-16pAR1680r2018-07-19w2018-07-19yAR